00868nam a2200265Ia 4500001000900000003000500009005001700014008004100031010001100072040000900083082001600092100002600108245008100134264000900215300000900224650003400233650003700267650004800304901001600352902000600368905006300374942001500437999001900452952013100471dia_2721CHAP20230313095056.0220117s9999 xx 000 0 und d a173238 cCHAP a664.028 C67 aCoursey, D. G.928649 aAlmacenamiento y Conservación de Productos Agrícolas Tropicales [S.P.I.] c  a18P. aFrutasxPreservacion 9153402 aHortalizasxPreservacion9153403 aProductos AgricolasxAlmacenamiento 991897 a664.028 C67 aM a000000 0000000000 00 cLIBRO2ddc c173238d173238 00102ddc40708GRALaIA_bIA_d2022-01-18f1l1o664.028 C67pdia_826r2024-09-05 19:16:18s2024-09-05t1w2022-01-18yLIBRO